Score 0/25 Timer 04:00
1 Play Today
Scrambled Word Answer % Correct
KANELANKLE
94.3%
OKYENDDONKEY
87%
IOKOCECOOKIE
83%
TEABKSBASKET
79.1%
CLEFKIFICKLE
71.9%
COKEGGECKO
71.2%
LOKEYYOKEL
68.4%
KADOVVODKA
67.6%
KLAWAJYJAYWALK
65.6%
CHEELKHECKLE
64.4%
SMOKIE*ESKIMO
62.4%
ULEUKELUKULELE
60.6%
NICEQUKQUICKEN
59.9%
Scrambled Word Answer % Correct
KINWELT TWINKLE
59.9%
CROMEKYMOCKERY
56.4%
CLUNKKEKNUCKLE
53.5%
TOBLINKINKBLOT
52.7%
DREANKRANKED
51.4%
PEZROOKEEZOOKEEPER
47.8%
KRAWLEWALKER
46.6%
KITENCENECKTIE
25.4%
KEEPINYPINKEYE
23.2%
BLAKSY*SKYLAB
20.7%
ISLINKOOILSKIN
15%
UWMARKLELUKEWARM
13.6%
Remove Ads.
Support Sporcle.
Get the best of Sporcle when you Go Orange. This ad-free experience offers more features, more stats, and more fun while also helping to support Sporcle. Thank you for becoming a member.

You're not logged in!

Compare scores with friends on all Sporcle quizzes.
OR
Log In

Show Comments

Extras

Top Quizzes Today


Score Distribution

Your Account Isn't Verified!

In order to create a playlist on Sporcle, you need to verify the email address you used during registration. Go to your Sporcle Settings to finish the process.

Report this User

Report this user for behavior that violates our Community Guidelines.

Details: